ბათუმის შოთა რუსთაველის სახელმწიფო უნივერსიტეტის ბიბლიოთეკა

მცენარეთა დაცვის საფუძვლები (ბიბ.ჩანაწერი № 35366)

000 -LEADER
fixed length control field 01151nam a2200241Ia 4500
001 - CONTROL NUMBER
control field 1219
003 - CONTROL NUMBER IDENTIFIER
control field GE_BSU
008 - FIXED-LENGTH DATA ELEMENTS--GENERAL INFORMATION
fixed length control field 181216s||||||||xx |||||||||||||| ||und||
040 ## - CATALOGING SOURCE
Transcribing agency GE_BSU
080 ## - UNIVERSAL DECIMAL CLASSIFICATION NUMBER
Universal Decimal Classification number 632.9+632.2/7+630.4
100 ## - MAIN ENTRY--PERSONAL NAME
Personal name გეგენავა, გ; ბუაჩიძე, კ;
245 ## - TITLE STATEMENT
Title მცენარეთა დაცვის საფუძვლები
245 ## - TITLE STATEMENT
Remainder of title საკითხავი წიგნი სას-სამ. კულტურების და ტყის მცენარეულობის მავნებლებიდან, ავადმყოფიდან და სარეველებიდან დაცვაში
245 ## - TITLE STATEMENT
Statement of responsibility, etc. რედ.ნ ცინცაძე
260 ## - PUBLICATION, DISTRIBUTION, ETC.
Place of publication, distribution, etc. თბილისი
260 ## - PUBLICATION, DISTRIBUTION, ETC.
Date of publication, distribution, etc. 1999
300 ## - PHYSICAL DESCRIPTION
Extent 399 გვ. 19 სმ.
653 ## - INDEX TERM--UNCONTROLLED
Uncontrolled term მცენარეთა დაცვა
653 ## - INDEX TERM--UNCONTROLLED
Uncontrolled term მცენარეთა დაცვის საფუძვლები
653 ## - INDEX TERM--UNCONTROLLED
Uncontrolled term სასოფლო-სამეურნეო კულტურების დაცვა
942 ## - ADDED ENTRY ELEMENTS (KOHA)
Koha item type წიგნი
ეგზემპლარები
Withdrawn status Lost status Damaged status Not for loan Date acquired Barcode Date last seen Price effective from Koha item type
        2018-12-17 2717 2018-12-17 2018-12-17 წიგნი